000 02114cam a22005054i 4500
003 PE-LiUPU
005 20250731184553.0
008 150625s1997 sp r 000 0 spa d
020 _a8420620599
035 _a(Sirsi) i9788420620596
040 _aPE-LiUPU
_bspa
_cPE-LiUPU
_erda
049 _aPRUA
082 0 4 _a940.18
_bR951
_221
100 1 _aRunciman, Steven,
_d1903-2000,
_eautor.
245 1 0 _aHistoria de las cruzadas :
_bla primera cruzada y la fundación del reino de Jerusalén.
_n1 /
_cSteven Runciman.
264 1 _aMadrid :
_bAlianza Universidad,
_c1997.
300 _a360 páginas ;
_c22 centímetros
336 _atext
_2rdacontent
337 _aunmediated
_2rdamedia
338 _avolume
_2rdacarrier
504 _aIncluye referencias bibliográficas.
505 0 _aLos santos lugares de la cristiandad. - La predicación de la cruzada. - El camino hacia las guerras. - la guerra contra los turcos. - La tierra de promisión.
526 _aP136
526 _aP135
526 _aP134
526 _aP133
526 _aP144
526 _aP143
526 _aP87
526 _aP35
526 _aP20
526 _aP14
526 _aP10
526 _aP06
650 0 4 _aCruzadas
_xHistoria.
942 _2ddc
_cBOOK
949 _a940.18 R95 1
_wDEWEY
_c1
_i55260
_lCCODEBUL1
_mBUL
_p8.00
_r0
_sY
_tBOOK
_u2015-6-25
_xTEOLOGIA
_zUNKNOWN
_0COMPRA
_o.STAFF. Colección Teología
949 _a940.18 R95 1
_wDEWEY
_c2
_i55259
_d2016-11-23
_e2016-11-20
_lCCODEBUL1
_mBUL
_n1
_p8.00
_r0
_sY
_tBOOK
_u2015-6-25
_xTEOLOGIA
_zUNKNOWN
_0COMPRA
_o.STAFF. Colección Teología
994 _aC0
_bPEPRU
596 _a1
999 _a940.18 R95 1
_wDEWEY
_c44172
_i55260
_f2021-11-11
_g5
_lCCODEBUL1
_mBUL
_p8.00
_r0
_sY
_tBOOK
_u2015-6-25
_xTEOLOGIA
_zUNKNOWN
_0COMPRA
_o.STAFF. Colección General
_d44172
999 _a940.18 R95 1
_wDEWEY
_c2
_i55259
_d2018-9-17
_e2016-11-20
_f2021-11-11
_g5
_lCCODEBUL1
_mBUL
_n1
_p8.00
_q1
_r0
_sY
_tBOOK
_u2015-6-25
_xTEOLOGIA
_PP35
_0COMPRA
_o.STAFF. Colección Teología
980 _81
_gALBERTO SANCHEZ Responsable de Automatización